Early Cyrillic Alphabet - Statistics

General Stats
  • This quiz has been taken 558 times
  • The average score is 29 of 45
Answer Stats
Picture Answer % Correct
a
99%
b
99%
d
95%
e
95%
v
95%
g
94%
k
90%
m
90%
o
90%
t
90%
kh, x, h
89%
n
89%
p
89%
r
89%
s
89%
z
87%
i, ı, ì
86%
l
86%
c
85%
ž (zh)
85%
f
84%
i
83%
š (sh)
83%
č (ch)
73%
ō, w, o, ô
73%
u
65%
y
59%
dz, ʒ, ẑ
55%
jo
54%
je
53%
ja
48%
ü, v, ỳ
33%
ĭ
32%
št (sht)
29%
ŭ
29%
ps
28%
ě
27%
th, f
25%
ks
24%
jǫ, jõ
23%
ǫ, õ
23%
ę, ẽ
22%
ję, jẽ
22%
k
18%
dj
11%
No matching quizzes found
Score Distribution
Percent of People with Each Score
Percentile by Number Answered
Your Score History
You have not taken this quiz